| 000 | 01115cab a2200241 4500 | ||
|---|---|---|---|
| 001 | ABS50492 | ||
| 008 | 090401t1994 xxu||||| |||| 00| 0 eng d | ||
| 035 | _a(Sirsi) u76137 | ||
| 041 | _aeng | ||
| 245 | _aDawncar Investments Ltd v Plews | ||
| 260 | _c1994 | ||
| 350 | _a0 | ||
| 490 |
_aEstates Gazette _v1994 13 EG 110-111(2) |
||
| 520 | _aCA 16 June 1993. Appeal by landlord (D) against CC`s refusal to grant a possession order although alternative accommodation had been offered to tenant P. D argued that environmental conditions should be given less weight when a possession order is made under the Rent Act 1977 Sch 15 Part IV para 5(1)a rather than 5(1)b. CA held that environmental considerations are important when assessing suitability of alternative accommodation. | ||
| 650 | _aALTERNATIVE ACCOMMODATION | ||
| 650 | _aPOSSESSION | ||
| 650 | _aREASONABLENESS | ||
| 650 | _aRENT ACT 1977 | ||
| 650 | _aPROPERTY-RESIDENTIAL PROPERTY-RESIDENTIAL LANDLORD AND TENANT-RESIDENTIAL TENANCIES | ||
| 690 | _aLANDLORD AND TENANT-CASE LAW-RESIDENTIAL TENANCIES | ||
| 942 | _n0 | ||
| 948 | _c04/03/1997 | ||
| 999 |
_c47908 _d47908 |
||